[Event "EU-ch U20"]
[Site "Groningen"]
[Date "1986.??.??"]
[Round "?"]
[White "Sokolov, Ivan"]
[Black "McDonald, Neil R"]
[Result "1-0"]
[WhiteElo "2425"]
[BlackElo "2495"]

1.d4 Nf6 2.Nf3 g6 3.Nc3 Bg7 4.e4 d6 5.h3 a6 6.Bf4 b5 7.e5 Nfd7 8.a4 b4 9.Nd5 Nc6
10.Bc4 O-O 11.Qe2 e6 12.Bg5 Nxd4 13.Bxd8 Nxe2 14.Be7 exd5 15.Bxd5 Nf4 16.Bxa8 Re8
17.Bg5 Nxe5 18.O-O Ne2+ 19.Kh1 Nxf3 20.Bxf3 Nd4 21.Rae1 Be6 22.Be4 Bd7 23.b3 a5
24.f3 c6 25.Be3 d5 26.Bd3 Be6 27.f4 f5 28.Bxd4 Bxd4 29.Re2 Kf7 30.Kh2 Rd8
31.g4 Rd6 32.Kg3 c5 33.Bb5 Bc3 34.Rd1 Bd4 35.Kf3 Bc3 36.g5 Bg7 37.h4 h5 38.Rde1 Bc3
39.Be8+ Ke7 40.Bxg6 Bxe1 41.Rxe1 Kf8 42.Re5 c4 43.Bxf5 Bf7 44.bxc4 Be8 45.cxd5 Bxa4
46.Ke3 Be8 47.Kd4 Rb6 48.Re6 Rxe6 49.Bxe6 a4 50.d6 a3 51.Kc5 Bg6 52.Kxb4  1-0

[Event "EU-ch U20"]
[Site "Groningen"]
[Date "1986.??.??"]
[Round "?"]
[White "Gdanski, Jacek"]
[Black "Sokolov, Ivan"]
[Result "1-0"]
[WhiteElo "2290"]
[BlackElo "2425"]

1.e4 c5 2.Nf3 d6 3.d4 cxd4 4.Nxd4 e6 5.Nc3 Nc6 6.Bc4 Nf6 7.Bb3 a6 8.Be3 Na5
9.Qe2 b5 10.O-O-O Nxb3+ 11.Nxb3 Qc7 12.a3 Bb7 13.Bf4 Nd7 14.Rd3 Ne5 15.Bxe5 dxe5
16.Rhd1 Be7 17.Qd2 Bc8 18.Rg3 Bf6 19.Qd6 Qxd6 20.Rxd6 Be7 21.Rd1 O-O 22.Rgd3 Ra7
23.Na5 Bc5 24.f3 Rc7 25.b4 Bb6 26.Nb3 Bb7 27.Kb2 Bc6 28.Rd6 h5 29.Ne2 Rfc8
30.Nec1 Kf8 31.Nd3 Ke7 32.Ndc5 a5 33.R6d2 a4 34.Nc1 Bxc5 35.bxc5 f5 36.Re1 fxe4
37.fxe4 Be8 38.Nd3 Rd8 39.Rde2 Rd4 40.Re3 Bf7 41.Rf1 Be8 42.Rg3 Rxe4 43.Rxg7+ Kd8
44.Rg8 Ke7 45.Rg7+ Kd8 46.Rg5 Ke7 47.Kc1 Re2 48.Kd1 Re4 49.Kd2 Rg4 50.Rxg4 hxg4
51.Re1 g3 52.hxg3 e4 53.Rxe4 Bg6 54.Rg4 Kf6 55.Rf4+ Kg7 56.Rb4 Bxd3 57.Kxd3 Rxc5
58.c4 bxc4+ 59.Rxc4 Ra5 60.Ke4 Kf6 61.Kf4 Rf5+ 62.Kg4 Ra5 63.Kf4 Rf5+ 64.Ke3 Ra5
65.g4 Kg5 66.Re4 Rb5 67.Rxa4 Rb2 68.Kf3 Rb3+ 69.Ke4 Rb2 70.Ke5 Re2+ 71.Re4  1-0

[Event "EU-ch U20"]
[Site "Groningen"]
[Date "1986.??.??"]
[Round "?"]
[White "Dedes, Nikolaos"]
[Black "Sokolov, Ivan"]
[Result "0-1"]
[WhiteElo "2245"]
[BlackElo "2425"]

1.e4 c5 2.Nf3 d6 3.d4 cxd4 4.Nxd4 Nf6 5.Nc3 a6 6.Be3 Nbd7 7.Bc4 b5 8.Bb3 Bb7
9.O-O Nc5 10.f3 e6 11.a4 b4 12.Na2 Qb8 13.Qd2 d5 14.e5 Qxe5 15.Bf4 Qh5 16.Rfe1 Qg6
17.Nxb4 Rc8 18.Ba2 a5 19.c3 axb4 20.Bb1 bxc3 21.bxc3 Nfe4 22.fxe4 dxe4 23.a5 Be7
24.a6 Ba8 25.Re3 e5 26.Rg3 Qd6 27.Nb5 Qb6 28.Bxe5 Nb3+ 29.Qe3 Qxe3+ 30.Rxe3 Nxa1
31.c4 Bc5 32.Bd4 Bxd4  0-1

[Event "EU-ch U20"]
[Site "Groningen"]
[Date "1986.??.??"]
[Round "?"]
[White "Burgess, Mark R"]
[Black "Sokolov, Ivan"]
[Result "0-1"]
[WhiteElo "2335"]
[BlackElo "2425"]

1.Nf3 Nf6 2.c4 g6 3.b4 Bg7 4.Bb2 O-O 5.g3 d6 6.Bg2 e5 7.O-O e4 8.Nd4 Qe7
9.Nc3 c6 10.e3 Nbd7 11.Qc2 Nb6 12.Na4 Nxa4 13.Qxa4 h5 14.Qc2 h4 15.Ne2 Re8
16.h3 Nh7 17.Bxg7 Kxg7 18.Qb2+ Kg8 19.Kh2 Ng5 20.Nf4 Qe5 21.Qxe5 dxe5 22.Ne2 Be6
23.Rfc1 hxg3+ 24.fxg3 Nf3+ 25.Bxf3 exf3 26.Ng1 e4 27.h4 Rad8 28.Rc2 Rd3 29.Rf1 b5
30.cxb5 cxb5 31.Nh3 Rc8 32.Rb2 Rcd8 33.Rf2 Ra3 34.Nf4 Bxa2 35.d3 exd3 36.Nxd3 Rdxd3
37.Rxa2 Rxe3  0-1

[Event "Prague op"]
[Site "Prague"]
[Date "1986.??.??"]
[Round "?"]
[White "Cervenka, Imrich"]
[Black "Sokolov, Ivan"]
[Result "0-1"]
[WhiteElo "2250"]
[BlackElo "2405"]

1.e4 c5 2.f4 d5 3.exd5 Qxd5 4.Nc3 Qd8 5.Nf3 Nc6 6.Bb5 Bd7 7.O-O e6 8.d3 Nf6
9.Bxc6 Bxc6 10.Ne5 Rc8 11.Qe1 g6 12.f5 gxf5 13.Rxf5 Be7 14.Rf1 Qd4+ 15.Qe3 Rg8
16.Rf2 Ng4 17.Nxg4 Qxg4 18.Qf4 Qg6 19.Ne4 Rd8 20.Be3 f5 21.Ng3 h5 22.Qh6 Qxh6
23.Bxh6 h4 24.Ne2 e5 25.Rxf5 Rxg2+ 26.Kf1 Rxh2 27.Rxe5 Rh1+ 28.Ng1 h3 29.Rae1 Rd7
30.Bg5 h2 31.Rxe7+ Rxe7  0-1

[Event "Wch U20"]
[Site "Baguio"]
[Date "1987.??.??"]
[Round "?"]
[White "Blatny, Pavel"]
[Black "Sokolov, Ivan"]
[Result "0-1"]
[WhiteElo "2435"]
[BlackElo "2525"]

1.e4 c5 2.c3 e6 3.d4 d5 4.exd5 exd5 5.Nf3 Nc6 6.Bd3 Bd6 7.O-O Nge7 8.dxc5 Bxc5
9.Bf4 O-O 10.Re1 Ng6 11.Bg3 f5 12.b4 Bb6 13.Qc2 Kh8 14.b5 Na5 15.Be5 Nxe5
16.Nxe5 Qh4 17.Qe2 Qf6 18.Nd2 Be6 19.Ndf3 Rae8 20.Nd4 Bc8 21.f4 Bc7 22.Ndf3 b6
23.h4 Nb7 24.Ng5 Bxe5 25.Qh5 h6 26.fxe5 Qe7 27.e6 Nd6 28.Re3 Kg8 29.Nf3 Ne4
30.Nd4 Bxe6 31.Bxe4 dxe4 32.Rf1 Qc5 33.Rg3 f4 34.Qxc5 bxc5 35.Nxe6 Rxe6 36.Rg4 e3
37.Re1 Rd6 38.a4 Kh7 39.h5 Rff6 40.Rb1 Rd2 41.a5 f3 42.gxf3 Rxf3 43.c4 e2
44.Re1 Rd1 45.Kg2 Rf1 46.Rxe2 Rg1+  0-1

[Event "Wch U20"]
[Site "Baguio"]
[Date "1987.??.??"]
[Round "?"]
[White "Degraeve, Jean Marc"]
[Black "Sokolov, Ivan"]
[Result "1/2-1/2"]
[WhiteElo "2310"]
[BlackElo "2525"]

1.e4 c5 2.c3 e6 3.d4 d5 4.e5 Nc6 5.Nf3 Qb6 6.a3 c4 7.g3 Bd7 8.Nbd2 Na5 9.h4 h5
10.Ng5 Ne7 11.Qf3 Nf5 12.Bh3 g6 13.Bxf5 gxf5 14.Qe2 Ba4 15.Ndf3 Nb3 16.Rb1 Nxc1
17.Rxc1 Bh6 18.Ra1 Rg8 19.Nh7 O-O-O 20.Nf6 Rg6 21.Nxh5 Qb3 22.Ng1 Rh8 23.Nh3 b5
24.f4 Kd8 25.Kf2 Ke7 26.Ng5 Qc2 27.Qxc2 Bxc2 28.Nf6 Bg7 29.Ke3 Bxf6 30.exf6+ Kxf6
31.Rh2 Bb3 32.Rg1 Ke7 33.Re2 f6 34.Nf3 a5 35.Kf2 Kf7 36.Rge1 Re8 37.Nd2 Ba4
38.Nf1 Rh6 39.Ne3 Rd8 40.Ng2 Rd6 41.g4 fxg4 42.f5 e5 43.dxe5 fxe5 44.Rxe5 b4
45.axb4 axb4 46.Re7+ Kg8 47.Kg3 bxc3 48.bxc3 d4 49.cxd4 Rxd4 50.Ne3 Rb6 51.h5 c3
52.Rc7 Rc6 53.Rxc6 Bxc6 54.Rc1 Rd3 55.Kf4 g3 56.Rg1 Kh7 57.Rxg3 Ba4 58.f6 Rd7
59.Rg7+  1/2-1/2

[Event "Wch U20"]
[Site "Baguio"]
[Date "1987.??.??"]
[Round "?"]
[White "Thorhallsson, Throstur"]
[Black "Sokolov, Ivan"]
[Result "1/2-1/2"]
[WhiteElo "2345"]
[BlackElo "2525"]

1.e4 c5 2.c3 e6 3.d4 d5 4.e5 Nc6 5.Nf3 Nge7 6.Na3 cxd4 7.cxd4 Nf5 8.Nc2 Qa5+
9.Bd2 Qb6 10.Bc3 Be7 11.h4 h5 12.Bd3 g6 13.Qd2 Bd7 14.g3 a5 15.a3 a4 16.O-O Na5
17.Bxa5 Qxa5 18.Nb4 Bb5 19.Bxb5+ Qxb5 20.Rfc1 Kd7 21.Rc2 Rhc8 22.Rac1 Bxb4
23.axb4 Rc4 24.Rxc4 dxc4 25.Qc3 Rc8 26.Ra1 Ke7 27.Qa3 Qd5 28.b5+ Ke8 29.b6 Nxd4
30.Qxa4+ Kf8 31.Nxd4 Qxd4 32.Qb4+ Kg8 33.Ra5 Rd8 34.Qe7 Qxb6 35.Ra3 Rd1+
36.Kg2 Qc6+ 37.Rf3 Rd7 38.Qf6 b5 39.Kh2 b4 40.Rf5 Rc7 41.Rxh5  1/2-1/2

[Event "Wch U20"]
[Site "Baguio"]
[Date "1987.??.??"]
[Round "?"]
[White "Wahls, Matthias"]
[Black "Sokolov, Ivan"]
[Result "1-0"]
[WhiteElo "2435"]
[BlackElo "2525"]

1.e4 c5 2.Nf3 e6 3.d4 cxd4 4.Nxd4 Nc6 5.Nb5 d6 6.c4 Nf6 7.N1c3 a6 8.Na3 b6
9.Be2 Bb7 10.O-O Ne5 11.f3 Be7 12.Be3 O-O 13.Qd2 Re8 14.Rfd1 d5 15.cxd5 exd5
16.Nxd5 Nxd5 17.exd5 Bd6 18.Kh1 b5 19.Nc2 Ng6 20.Bd3 Qh4 21.Bg1 Re5 22.Qf2 Qf6
23.Ne3 h5 24.a4 Rae8 25.Be4 Nf4 26.axb5 axb5 27.Qf1 Bc8 28.Qxb5 h4 29.Ra8 Bd7
30.Rxe8+ Bxe8 31.Qa6 h3 32.g3 Rxe4 33.fxe4 Qe5 34.Qc4 Bb5 35.gxf4 Qh5 36.Qc8+ Bf8
37.Bf2 Be2 38.Re1 Bf3+ 39.Kg1 Qg6+ 40.Bg3 Qxe4  1-0

[Event "Wch U20"]
[Site "Baguio"]
[Date "1987.??.??"]
[Round "?"]
[White "Sokolov, Ivan"]
[Black "Gdanski, Jacek"]
[Result "0-1"]
[WhiteElo "2525"]
[BlackElo "2400"]

1.d4 Nf6 2.c4 c5 3.d5 g6 4.Nc3 d6 5.e4 Bg7 6.Bd3 O-O 7.Nge2 e6 8.h3 exd5
9.cxd5 b6 10.O-O Ba6 11.Bc2 b5 12.Ng3 Re8 13.Re1 b4 14.Nce2 Nbd7 15.a3 b3
16.Bb1 Rb8 17.Nc3 Ne5 18.f4 Nc4 19.Qf3 Nd7 20.Rd1 Qh4 21.Nge2 Ncb6 22.Bd2 Bxe2
23.Qxe2 Bxc3 24.Bxc3 Qxf4 25.Rf1 Qg5 26.Qa6 Ne5 27.Qxa7 Nbc4 28.Rf2 Rf8 29.a4 Ne3
30.Bxe5 Qxe5 31.a5 Qd4 32.Kh1 Nc2  0-1

[Event "Wch U20"]
[Site "Baguio"]
[Date "1987.??.??"]
[Round "?"]
[White "Sokolov, Ivan"]
[Black "Wessman, Richard"]
[Result "1-0"]
[WhiteElo "2525"]
[BlackElo "2285"]

1.d4 f5 2.Nc3 d5 3.Bg5 Nf6 4.Bxf6 exf6 5.e3 c6 6.Qf3 Be6 7.Bd3 g6 8.h4 h5
9.O-O-O Nd7 10.Kb1 Qa5 11.Nge2 O-O-O 12.Nc1 Bd6 13.N3e2 Kb8 14.g3 Ka8 15.Nb3 Qc7
16.Nf4 Bf7 17.Qe2 Nb6 18.Nd2 Rhe8 19.Rc1 c5 20.dxc5 Bxc5 21.c3 Bd6 22.Rhd1 Nc4
23.Bc2 Bxf4 24.gxf4 d4 25.cxd4 Rxd4 26.Bd3 b5 27.Nxc4 bxc4 28.exd4 Rxe2 29.Bxe2 Bd5
30.Bxc4 Bxc4 31.b3 Qxf4 32.Rxc4 Qe4+ 33.Rc2 Qd5 34.Rc5 Qf3 35.Rd2 Qf4 36.Rcc2 g5
37.d5 Qd6 38.Rc6 Qe5 39.d6 Qe1+ 40.Kc2 Qe4+ 41.Kb2 Qe5+ 42.Rc3 Qe2 43.Rd3  1-0

[Event "Wch U20"]
[Site "Baguio"]
[Date "1987.??.??"]
[Round "?"]
[White "Sokolov, Ivan"]
[Black "Martin del Campo, Roberto"]
[Result "1/2-1/2"]
[WhiteElo "2525"]
[BlackElo "2215"]

1.e4 c5 2.Nf3 d6 3.d4 cxd4 4.Nxd4 Nf6 5.Nc3 e5 6.Nb3 Be7 7.Bd3 O-O 8.O-O Nc6
9.Kh1 a5 10.a4 Nb4 11.f4 Bg4 12.Qe1 Be6 13.Nd2 exf4 14.Nf3 Ng4 15.Bxf4 Bf6
16.Qg3 Ne5 17.Rad1 Nbxd3 18.cxd3 Nxf3 19.Qxf3 Be5 20.d4 Bxf4 21.Qxf4 d5 22.Rfe1 Qd7
23.e5 Rac8 24.h3 Rc6 25.Rd3 Rfc8 26.Rg3 Qe7 27.h4 Rc4 28.h5 Rd8 29.b3 Rc6
30.Ree3 Bc8 31.Rg5 h6 32.Rgg3 Kh8 33.Nb5 f6 34.Nd6 Rf8 35.Qh4 Rc7 36.Rc3 Rxc3
37.Rxc3 Be6 38.Nb5 Bd7 39.Nd6 Be6 40.Re3 Qd7 41.Rf3 Kg8 42.Rg3 Kh8 43.Kh2 b6
44.Kg1 fxe5 45.dxe5 Qc7 46.Kh2 Rf1 47.Rf3 Rxf3 48.gxf3 Qc2+ 49.Kg3 Qe2 50.Qd4 Qe1+  1/2-1/2

[Event "Wch U20"]
[Site "Baguio"]
[Date "1987.??.??"]
[Round "?"]
[White "Sokolov, Ivan"]
[Black "Puri, Vinny"]
[Result "1-0"]
[WhiteElo "2525"]
[BlackElo "2285"]

1.d4 Nf6 2.c4 e6 3.Nc3 d5 4.Bf4 c5 5.Nf3 Nc6 6.Nb5 Qa5+ 7.Nd2 dxc4 8.Nc7+ Kd7
9.Nxa8 cxd4 10.g3 e5 11.Bg5 h6 12.Bxf6 gxf6 13.Bh3+ Kd8 14.Bxc8 Kxc8 15.O-O Qd5
16.Qa4 Kb8 17.Nxc4 Bc5 18.Na5 Kxa8 19.Nxc6 bxc6 20.Rac1 Kb7 21.Rc4 Rc8 22.Rfc1 Bb6
23.Qb4 c5 24.Qd2 Rh8 25.b4 cxb4 26.Qxb4 Re8 27.a4 e4 28.Rc5 a5 29.Qb5  1-0

[Event "Graz op"]
[Site "Graz"]
[Date "1987.??.??"]
[Round "6"]
[White "Zorman, Vojko"]
[Black "Sokolov, Ivan"]
[Result "1-0"]
[WhiteElo "2245"]
[BlackElo "2525"]

1.d4 Nf6 2.c4 g6 3.Nc3 d5 4.cxd5 Nxd5 5.g3 Bg7 6.Bg2 Nb6 7.e3 O-O 8.Nge2 N8d7
9.O-O c6 10.b3 a5 11.a4 Nf6 12.e4 Re8 13.Bb2 Nfd7 14.Qc2 Nb8 15.d5 Na6 16.Rad1 Nb4
17.Qd2 Qc7 18.Rc1 Qb8 19.Rfd1 Qa7 20.h3 Bd7 21.Kh2 Rac8 22.Nd4 Red8 23.Nc2 Nxc2
24.Rxc2 cxd5 25.exd5 Na8 26.d6 exd6 27.Nd5 Rxc2 28.Qxc2 Qc5 29.Qd2 Be6 30.Rc1 Qa7
31.Bxg7 Kxg7 32.Qb2+ Kg8 33.Nf6+ Kf8 34.Nxh7+ Kg8 35.Nf6+ Kf8 36.Ne4 d5 37.Qh8+ Ke7
38.Qh4+ Ke8 39.Nf6+ Kf8 40.Nxd5 Rxd5 41.Bxd5 Qxf2+ 42.Bg2 Kg7 43.Rd1 Bxb3
44.Rd8  1-0

[Event "Graz op"]
[Site "Graz"]
[Date "1987.??.??"]
[Round "8"]
[White "Sokolov, Ivan"]
[Black "Reichmann, Egon"]
[Result "1-0"]
[WhiteElo "2525"]
[BlackElo "2295"]

1.d4 Nf6 2.Nf3 e6 3.c4 b6 4.g3 Ba6 5.b3 d5 6.cxd5 exd5 7.Bg2 Be7 8.O-O O-O
9.Nc3 Nbd7 10.Bf4 c6 11.Qc2 Re8 12.Rfe1 Rc8 13.a3 c5 14.Qb2 Nf8 15.Rad1 Ne6
16.Be5 c4 17.bxc4 Bxc4 18.Nd2 Ba6 19.Bxf6 Bxf6 20.e3 Nc5 21.dxc5 Rxc5 22.Ndb1 Qc7
23.Rc1 Re6 24.Qd2 Bc4 25.Nxd5  1-0

[Event "Pancevo"]
[Site "Pancevo"]
[Date "1987.??.??"]
[Round "?"]
[White "Sokolov, Ivan"]
[Black "Cabrilo, Goran"]
[Result "0-1"]
[WhiteElo "2525"]
[BlackElo "2470"]

1.e4 c5 2.Nf3 Nc6 3.d4 cxd4 4.Nxd4 Nf6 5.Nc3 d6 6.Bc4 e6 7.Be3 Be7 8.Qe2 O-O
9.O-O-O a6 10.Bb3 Qe8 11.Rhg1 Nd7 12.g4 Nc5 13.Kb1 Bd7 14.f4 b5 15.f5 Nxd4
16.Rxd4 a5 17.g5 b4 18.Nd1 Nxb3 19.axb3 exf5 20.exf5 Bxf5 21.Bd2 a4 22.Qf3 axb3
23.Qxb3 Qc6  0-1

[Event "Pancevo"]
[Site "Pancevo"]
[Date "1987.??.??"]
[Round "?"]
[White "Sokolov, Ivan"]
[Black "Nikolic, Sava N"]
[Result "1/2-1/2"]
[WhiteElo "2525"]
[BlackElo "2335"]

1.e4 e5 2.Nf3 Nc6 3.Bb5 a6 4.Ba4 Nf6 5.O-O Be7 6.Bxc6 bxc6 7.d4 Nxe4 8.dxe5 O-O
9.Re1 d5 10.Nd4 Bd7 11.f3 Ng5 12.Nc3 Ne6 13.Nb3 a5 14.Be3 a4 15.Nd4 a3 16.b3 Bb4
17.Nde2 f6 18.exf6 Qxf6 19.Bd2 Bd6 20.Rf1 Rae8 21.Be1 Nf4 22.Bg3 Be5 23.Bxf4 Bxf4
24.Nxf4 Qxc3 25.Ne2 Qe5 26.Rf2 c5 27.Rc1 Bf5 28.c3 c6 29.Qd2 Qe3 30.Ng3 Bd3
31.Qxe3 Rxe3 32.Rd2 Rfe8 33.Kf2 c4 34.bxc4 Bxc4 35.Rdc2 R3e7 36.Rd2 g6 37.Rb1 h5
38.h4 Kg7 39.Rb4 Re3 40.Ne4 Rd3 41.Rb7+ Kf8 42.Rxd3 Bxd3 43.Ng3 Bc4 44.Ra7 Rb8
45.Rxa3 Rb2+ 46.Kg1 Rc2 47.f4 Ke7 48.f5 Kf6 49.fxg6 Kxg6 50.Kh2 Bd3 51.Kh3 Bc4
52.Kh2 d4 53.cxd4 Bd5 54.Re3 Rxg2+ 55.Kh3 Rxa2 56.Ne2 Rd2 57.Nf4+ Kf5 58.Nxd5 cxd5
59.Re5+ Kf4  1/2-1/2

[Event "Pancevo"]
[Site "Pancevo"]
[Date "1987.??.??"]
[Round "?"]
[White "Sokolov, Ivan"]
[Black "Orlov, Pavle"]
[Result "1-0"]
[WhiteElo "2525"]
[BlackElo "2405"]

1.d4 Nf6 2.c4 d6 3.Nf3 Nbd7 4.Nc3 e5 5.Bg5 Be7 6.e3 c6 7.Be2 O-O 8.Qc2 Re8
9.O-O Ng4 10.Ne4 Bxg5 11.Nfxg5 Nf8 12.Rad1 h6 13.Nxf7 Kxf7 14.dxe5 Kg8 15.Nxd6 Nxe5
16.c5 Be6 17.f4 Ng4 18.Rf3 Qe7 19.e4 Rad8 20.h3 Nf6 21.e5 Nd5 22.Qd2 Kh8
23.Bd3 Bg8 24.Re1 b6 25.f5 bxc5 26.Nxe8 Rxe8 27.Re4 Bh7 28.f6 gxf6 29.exf6 Qf7
30.Rxe8 Qxe8 31.Qxh6 Qf7 32.g4 Kg8 33.Bxh7+ Nxh7 34.g5 Nf8 35.h4 Ng6 36.Rb3  1-0

[Event "Pancevo"]
[Site "Pancevo"]
[Date "1987.??.??"]
[Round "?"]
[White "Sokolov, Ivan"]
[Black "Vasiljevic, Dragan"]
[Result "1-0"]
[WhiteElo "2525"]
[BlackElo "2340"]

1.d4 Nf6 2.c4 e6 3.Nf3 d5 4.Bg5 Bb4+ 5.Nbd2 dxc4 6.e3 Qd5 7.Bxf6 gxf6 8.a3 Ba5
9.Qc2 b5 10.a4 a6 11.Be2 Bb7 12.O-O Bxd2 13.Qxd2 Rg8 14.Rfc1 Nd7 15.b3 Rd8
16.bxc4 Qf5 17.e4 Qxe4 18.Qb2 b4 19.g3 a5 20.Re1 Qf4 21.d5 Nc5 22.Qc2 Qh6
23.Nd4 Kf8 24.Rad1 Re8 25.Nb5 Re7 26.Bf3 Kg7 27.Rd4 Kh8 28.Bg2 Qg6 29.Qd1 Rge8
30.d6 cxd6 31.Nxd6 Rg8 32.Nxb7 Nxb7 33.Rd7 Rxd7 34.Qxd7 Nc5 35.Qb5 Qf5 36.Qxa5 b3
37.Qb6 Rc8 38.a5 Qc2 39.a6 Qc3 40.Rf1 Nxa6 41.Qxa6 Qxc4 42.Qxc4 Rxc4 43.Rb1 Rc3
44.Kf1 f5 45.Ke2 Kg7 46.Rb2 f4 47.Kd2  1-0

[Event "Pancevo"]
[Site "Pancevo"]
[Date "1987.??.??"]
[Round "?"]
[White "Todorcevic, Miodrag"]
[Black "Sokolov, Ivan"]
[Result "0-1"]
[WhiteElo "2475"]
[BlackElo "2525"]

1.Nf3 Nf6 2.g3 b6 3.Bg2 Bb7 4.O-O e6 5.d3 d5 6.Nbd2 Nbd7 7.c4 Bd6 8.cxd5 exd5
9.Nd4 O-O 10.Nf5 Ne5 11.d4 Ng6 12.Nc4 Ne4 13.Ncxd6 cxd6 14.f3 Ng5 15.h4 Ne6
16.f4 Nc7 17.Bd2 Ne8 18.Qb3 Ne7 19.Ne3 Nf6 20.f5 Re8 21.Rf4 h5 22.Raf1 Qd7
23.g4 hxg4 24.Nxg4 Nh5 25.R4f2 Nc6 26.Qf3 Kf8 27.Ne5 dxe5 28.Qxh5 f6 29.Qh7 exd4
30.h5 Qf7 31.Rc1 Ke7 32.h6 Rg8 33.b4 Rac8 34.Qg6 gxh6 35.Qxh6 Ne5 36.Rxc8 Rxc8
37.Qh4 Qg7 38.b5 Rc4 39.Bf4 d3 40.exd3 Nxd3 41.Re2+ Kd7 42.Qh5 Nxf4  0-1

[Event "Pancevo"]
[Site "Pancevo"]
[Date "1987.??.??"]
[Round "?"]
[White "Todorovic, Goran N"]
[Black "Sokolov, Ivan"]
[Result "1-0"]
[WhiteElo "2410"]
[BlackElo "2525"]

1.e4 c5 2.Nf3 d6 3.d4 cxd4 4.Nxd4 Nf6 5.Nc3 a6 6.f4 Qc7 7.Be2 g6 8.g4 Bg7
9.g5 Nfd7 10.Be3 Nc6 11.Nd5 Qa5+ 12.Bd2 Qd8 13.Bc3 e5 14.Nb3 O-O 15.Qd2 Nb6
16.a4 Re8 17.Nf6+ Bxf6 18.gxf6 Qxf6 19.O-O Bh3 20.Rf3 Bg4 21.fxe5 Qd8 22.e6 Bxf3
23.exf7+ Kxf7 24.Bxf3 Ne5 25.Be2 Kg7 26.a5 Nd7 27.Qxd6 Qg5+ 28.Kh1 Rad8 29.Nd4 Qe7
30.Qxe7+ Rxe7 31.Bc4 Rde8 32.Bb3 Nf6 33.Bb4 Rd7 34.Ne6+ Kh6 35.Nc5 Rc7 36.Rf1 Ned7
37.Ne6 Rxc2 38.Bxc2 Rxe6 39.Bd2+ Kg7 40.Bc3 Ne5 41.Bb3 Re7 42.Bd5 Nh5 43.b4 Kh6
44.Bxe5 Rxe5 45.Bxb7 Rb5 46.Bxa6 Rxb4 47.Bc8 Rxe4 48.Ra1 Nf6 49.Bb7 Rc4 50.a6 Ne8
51.a7 Nc7 52.Kg2 Kg5 53.Kf3 Kf5 54.Ra5+ Kf6 55.Ke3 Ke7 56.Kd3 Rc1 57.Kd4 Kd6
58.Ra6+ Kd7 59.Be4 Ke7 60.a8=Q Nxa8 61.Rxa8 Rc7 62.Ke5 Kf7 63.Kd6 Rc1 64.Ra7+ Kg8
65.Bd5+ Kh8 66.Ke5 Rf1 67.Be4 Rf2 68.h3 Kg8 69.Rb7 Kh8 70.h4 Kg8 71.h5 gxh5
72.Bf5 Kf8 73.Kf6 Re2 74.Rxh7 Rg2 75.Rxh5 Rg7 76.Rh8+ Rg8 77.Rh7 Rg2 78.Rh5 Rg7
79.Rh8+ Rg8 80.Rh7 Rg2 81.Rb7 Re2 82.Ra7 Re1 83.Rh7 Rg1 84.Bh3 Kg8 85.Ra7 Kh8
86.Ra4 Rg7 87.Rb4  1-0

[Event "Pancevo"]
[Site "Pancevo"]
[Date "1987.??.??"]
[Round "?"]
[White "Tringov, Georgi P"]
[Black "Sokolov, Ivan"]
[Result "0-1"]
[WhiteElo "2430"]
[BlackElo "2525"]

1.e4 c5 2.Nf3 d6 3.d4 cxd4 4.Nxd4 Nf6 5.Nc3 a6 6.Be3 e5 7.Nb3 Be6 8.Be2 Be7
9.O-O O-O 10.Qd2 Nc6 11.Bf3 Rc8 12.Nd5 Bxd5 13.exd5 Nb8 14.Rfc1 b6 15.c4 a5
16.Rab1 Na6 17.Na1 Nd7 18.Be2 f5 19.f4 Nac5 20.Bf3 exf4 21.Bxf4 Ne5 22.Be2 Ne4
23.Qe1 Bg5 24.Qf1 Ng6 25.Bxg5 Qxg5 26.Nc2 Nf4 27.Kh1 Rce8 28.Bf3 Nd2 29.Qd1 Nd3  0-1

[Event "Sevilla op"]
[Site "Sevilla"]
[Date "1987.??.??"]
[Round "?"]
[White "Sokolov, Ivan"]
[Black "Bass, Leonid"]
[Result "1-0"]
[WhiteElo "2425"]
[BlackElo "2435"]

1.d4 d5 2.c4 e6 3.Nc3 Nf6 4.Bg5 Nbd7 5.e3 h6 6.Bh4 Be7 7.Rc1 O-O 8.Nf3 a6
9.a4 dxc4 10.Bxc4 c5 11.O-O cxd4 12.exd4 Nb6 13.Ba2 Bd7 14.Ne5 Bc6 15.Qd3 Nbd5
16.Bb1 Nb4 17.Qd2 Nfd5 18.Bg3 Rc8 19.f4 f5 20.Rfe1 Bf6 21.Nxd5 Qxd5 22.Rc5 Qb3
23.Re3 Qxa4 24.Ra3 b6  1-0

[Event "Rilton Cup"]
[Site "Stockholm"]
[Date "1987.??.??"]
[Round "?"]
[White "Bottema, Tom"]
[Black "Sokolov, Ivan"]
[Result "0-1"]
[WhiteElo "2390"]
[BlackElo "2525"]

1.d4 Nf6 2.Nf3 g6 3.c4 Bg7 4.Nc3 d5 5.Bg5 dxc4 6.e4 Bg4 7.Bxc4 Bxf3 8.gxf3 O-O
9.Qd2 Nfd7 10.Rd1 Nb6 11.Be2 Nc6 12.Be3 e6 13.b3 Qe7 14.Bb5 Rfd8 15.Bxc6 bxc6
16.Bg5 f6 17.Be3 c5 18.d5 exd5 19.Nxd5 Qe5 20.Qc2 c6 21.f4 Qh5 22.Ne7+ Kh8
23.Nxc6 Rdc8 24.Na5 Qf3 25.Rg1 Re8 26.Rg3 Qh1+ 27.Ke2 Qxh2 28.Nc4 Nxc4 29.Qxc4 Re7
30.Rd5 Rae8 31.Rxc5 Rxe4 32.Rc8 Qh5+ 33.Kd2 Qa5+ 34.Kd3 Rxe3+  0-1

[Event "Rilton Cup"]
[Site "Stockholm"]
[Date "1987.??.??"]
[Round "?"]
[White "Haik, Aldo"]
[Black "Sokolov, Ivan"]
[Result "0-1"]
[WhiteElo "2445"]
[BlackElo "2525"]

1.d4 Nf6 2.c4 c5 3.d5 g6 4.Nc3 Bg7 5.e4 O-O 6.Nf3 d6 7.Bd3 Bg4 8.h3 Bxf3
9.Qxf3 e6 10.O-O exd5 11.cxd5 Nbd7 12.Qd1 a6 13.a4 Re8 14.Re1 Rc8 15.Be3 Qa5
16.Qd2 Ne5 17.Bf1 h5 18.f3 Ned7 19.Nb1 Qd8 20.a5 Nh7 21.Na3 Ne5 22.Nc4 Nxc4
23.Bxc4 g5 24.Rac1 g4 25.Bf4 Bd4+ 26.Kh2 Qf6 27.b3 gxf3 28.gxf3 Kh8 29.Kh1 Rg8
30.Qh2 Ng5 31.Rf1 Rcd8 32.h4 Nh3 33.Bg3 Qg7 34.Qxh3 Qxg3 35.Qxg3 Rxg3 36.Rc2 Rdg8
37.f4 R8g4 38.e5 Be3 39.e6 Bxf4 40.Rxf4 Rxf4 41.Rg2 Rxh4+  0-1

[Event "Rilton Cup"]
[Site "Stockholm"]
[Date "1987.??.??"]
[Round "?"]
[White "Ristic, Nenad"]
[Black "Sokolov, Ivan"]
[Result "1/2-1/2"]
[WhiteElo "2385"]
[BlackElo "2525"]

1.d4 d5 2.c4 e6 3.Nc3 Be7 4.Nf3 Nf6 5.Bg5 O-O 6.e3 h6 7.Bh4 b6 8.Bxf6 Bxf6
9.cxd5 exd5 10.Be2 Qd6 11.O-O c6 12.Rb1 Nd7 13.b4 Bb7 14.Qb3  1/2-1/2

[Event "Rilton Cup"]
[Site "Stockholm"]
[Date "1987.??.??"]
[Round "?"]
[White "Sokolov, Ivan"]
[Black "Schneider, Lars Ake"]
[Result "1/2-1/2"]
[WhiteElo "2525"]
[BlackElo "2435"]

1.Nf3 c5 2.c4 Nc6 3.g3 e5 4.Nc3 g6 5.Bg2 Bg7 6.a3 a5 7.d3 Nge7 8.h4 h6 9.Nd5 Nxd5
10.cxd5 Ne7 11.Nd2 d6 12.a4 O-O 13.Nc4 f5 14.f4 e4 15.dxe4 fxe4 16.Bxe4 Nf5
17.Ra3 Re8 18.Bg2 b6 19.Kf2 Ba6 20.b3 Ra7 21.e3 Rae7 22.Bd2 Bb2 23.Ra2 Bd4
24.Qg4 Bxc4 25.Qxg6+ Bg7 26.bxc4 Nxe3 27.Re1 Nxg2 28.Rxe7  1/2-1/2

[Event "GMA-Open"]
[Site "Belgrade"]
[Date "1988.??.??"]
[Round "?"]
[White "Schmidt, Wlodzimierz"]
[Black "Sokolov, Ivan"]
[Result "1-0"]
[WhiteElo "2465"]
[BlackElo "2570"]

1.Nf3 c5 2.c4 Nc6 3.Nc3 g6 4.g3 Bg7 5.Bg2 d6 6.O-O e5 7.d3 Nge7 8.Bg5 f6
9.Bd2 Be6 10.a3 Qd7 11.Rb1 Rc8 12.b4 b6 13.Ne1 g5 14.Nc2 h5 15.e4 h4 16.Ne3 g4
17.f3 gxf3 18.Bxf3 hxg3 19.hxg3 Nd4 20.Bg4 Rg8 21.Bxe6 Qxe6 22.Nf5 Kd8 23.g4 Bf8
24.Kf2 Rc7 25.Rh1 cxb4 26.axb4 Qc8 27.Nxd4 exd4 28.Nb5 Rd7 29.Nxd4 Ng6 30.Qe2 Ne5
31.Rbg1 Rdg7 32.Nf5 Nxg4+ 33.Ke1 Rg6 34.Rh7 Qa6 35.Bc3 b5 36.cxb5 Qxb5 37.Nd4 Qa4
38.Rxa7  1-0

[Event "GMA-Open"]
[Site "Belgrade"]
[Date "1988.??.??"]
[Round "?"]
[White "Sokolov, Ivan"]
[Black "Renet, Olivier"]
[Result "0-1"]
[WhiteElo "2570"]
[BlackElo "2440"]

1.c4 Nf6 2.Nc3 e5 3.Nf3 Nc6 4.g3 Bc5 5.Bg2 d6 6.O-O O-O 7.d3 h6 8.e3 Bg4
9.h3 Bh5 10.g4 Bg6 11.Nh4 Bh7 12.a3 a5 13.Kh1 Re8 14.Nf5 Bxf5 15.gxf5 Qd7
16.f4 Rad8 17.Nd5 Nxd5 18.cxd5 Ne7 19.f6 Nxd5 20.d4 exd4 21.exd4 Bb6 22.fxg7 Qf5
23.Qb3 c6 24.Bd2 Bxd4 25.Rae1 Nf6 26.Qxb7 Ne4 27.Rxe4 Rxe4 28.Qc7 Rc8 29.Qxd6 Bxg7
30.Qd3 Re5 31.Qg3 Re6 32.Rc1 Rg6 33.Qf3 Bxb2 34.Rc4 Rd8 35.Be3 Qd5 36.Qf1 Qd1  0-1

[Event "Brocco op"]
[Site "Brocco"]
[Date "1988.??.??"]
[Round "?"]
[White "Sokolov, Ivan"]
[Black "Costa, Jean Luc"]
[Result "1/2-1/2"]
[WhiteElo "2545"]
[BlackElo "2345"]

1.d4 d5 2.c4 e6 3.Nc3 Nf6 4.cxd5 Nxd5 5.e4 Nxc3 6.bxc3 c5 7.Rb1 cxd4 8.cxd4 Nc6
9.Bb5 a6 10.Bxc6+ bxc6 11.Nf3 c5 12.O-O cxd4 13.Bb2 Be7 14.Nxd4 Bd7 15.Qg4 Bf6
16.Rfd1 Qc7 17.Ba3 h5 18.Qf3 Be5 19.h3 Qa7 20.Ne2 Bb5 21.Rbc1 Qb8 22.Qe3 f6
23.f4 Bxe2 24.Qxe2 Bxf4 25.Rc6 Qb5 26.Rxe6+ Kf7 27.Re7+ Kg6 28.Qf2 Qg5 29.Qf3 Qg3
30.Qxg3+ Bxg3 31.Rdd7 Rhg8 32.Bd6 Bxd6 33.Rxd6 Rge8 34.Rxe8  1/2-1/2

[Event "Brocco op"]
[Site "Brocco"]
[Date "1988.??.??"]
[Round "?"]
[White "Klinger, Josef"]
[Black "Sokolov, Ivan"]
[Result "0-1"]
[WhiteElo "2505"]
[BlackElo "2545"]

1.Nf3 Nf6 2.c4 g6 3.Nc3 d5 4.cxd5 Nxd5 5.Qa4+ Bd7 6.Qc2 Nb4 7.Qb3 N8c6 8.a3 Be6
9.Qa4 Nd5 10.Ne5 Qd6 11.Nxc6 Qxc6 12.Qxc6+ bxc6 13.Na4 Bg7 14.d3 Rb8 15.g3 Rb5
16.e4 Nb6 17.Nc3 Rb3 18.Kd2 O-O 19.Be2 Rd8 20.Kc2 Bxc3 21.bxc3 Na4 22.Bd2 Rb2+
23.Kc1 Bb3 24.Rb1 Rc2+ 25.Kd1 Rb2+ 26.Kc1 Rc2+ 27.Kd1 Nb2+ 28.Ke1 Nxd3+ 29.Bxd3 Rxd3
30.Bh6 Rdxc3 31.Kf1 f6 32.Kg2 Kf7 33.Rhd1 Be6 34.Rdc1 Bg4 35.Be3 a6 36.Rxc2 Rxc2
37.Rb7 Be2 38.Rxc7 Bd3 39.Kf3 Be2+ 40.Kg2 Ke6 41.e5 fxe5 42.Bg5 Kf5 43.h4 Ke4
44.Rxe7 Bf3+ 45.Kf1 Ra2 46.Ke1 Kd3 47.Rd7+ Kc3 48.Bd2+ Kc2 49.Kf1 Bd5 50.Bh6 Rxa3
51.Re7 Bf3 52.Rxe5 Ra1+ 53.Re1 Rxe1+ 54.Kxe1 c5 55.Bg7  0-1

[Event "Brocco op"]
[Site "Brocco"]
[Date "1988.??.??"]
[Round "?"]
[White "Schaffarth, Peter"]
[Black "Sokolov, Ivan"]
[Result "0-1"]
[WhiteElo "2245"]
[BlackElo "2545"]

1.c4 e5 2.Nc3 Nf6 3.e4 Bc5 4.Nf3 Ng4 5.d4 exd4 6.Nxd4 Nxf2 7.Kxf2 Qf6+ 8.Ke3 Nc6
9.Ne2 O-O 10.b3 Qe5 11.g4 d5 12.cxd5 Nxd4 13.Nxd4 Bxg4 14.Qd3 f5 15.Bb2 fxe4
16.Qc4 Qf4+  0-1